La brigadista (Record no. 19433)

MARC details
000 -LEADER
campo de control de longitud fija 01175nam a2200289 i 4500
001 - NÚMERO DE CONTROL
campo de control 19433
003 - IDENTIFICADOR DE NÚMERO DE CONTROL
campo de control ES-MaACL
005 - FECHA Y HORA DE LA ÚLTIMA TRANSACCIÓN
campo de control 20230906152108.0
007 - CAMPO FIJO DE DESCRIPCIÓN FÍSICA--INFORMACIÓN GENERAL
campo de control de longitud fija t|
008 - DATOS DE LONGITUD FIJA--INFORMACIÓN GENERAL
campo de control de longitud fija 020826s2002 sp a 00110bspa d
020 ## - NÚMERO INTERNACIONAL ESTÁNDAR DEL LIBRO
Número Internacional Estándar del Libro 84-9734-033-7
080 ## - NÚMERO DE LA CLASIFICACIÓN DECIMAL UNIVERSAL
Número de la Clasificación Decimal Universal 929 Parshina, Elizaveta
080 ## - NÚMERO DE LA CLASIFICACIÓN DECIMAL UNIVERSAL
Número de la Clasificación Decimal Universal 94(460)"1936/39"(093.3)
100 1# - ENTRADA PRINCIPAL--NOMBRE DE PERSONA
Nombre de persona Parshina, Elizaveta.
9 (RLIN) 89282
245 13 - MENCIÓN DEL TÍTULO
Título La brigadista
Resto del título : diario de una dinamitera de la guerra civil /
Mención de responsabilidad, etc. [Elizaveta Parshina] ; traducción de Dimitri Fernández Bobrovski.
250 ## - MENCION DE EDICION
Mención de edición 1ª ed.
260 ## - PUBLICACIÓN, DISTRIBUCIÓN, ETC.
Lugar de publicación, distribución, etc. Madrid :
Nombre del editor, distribuidor, etc. La Esfera de los Libros,
Fecha de publicación, distribución, etc. 2002.
300 ## - DESCRIPCIÓN FÍSICA
Extensión 350 p. :
Otras características físicas il. ;
Dimensiones 25 cm.
490 1# - MENCIÓN DE SERIE
Mención de serie La Esfera historia
594 ## - Nota al título y mención de responsabilidad
Nota al título y mención de responsabilidad Elizaveta Parshina o Josefa Pérez Herrera, nombre con el que la conocieron los españoles, fue una de los miles de mujeres y hombres que vinieron a luchar voluntarios a España durante la guerra civil.
600 14 - PUNTO DE ACCESO ADICIONAL DE MATERIA--NOMBRE DE PERSONA
Nombre de persona Parshina, Elizaveta.
9 (RLIN) 89282
651 #4 - PUNTO DE ACCESO ADICIONAL DE MATERIA--NOMBRE GEOGRÁFICO
Nombre geográfico España-
Subdivisión general Historia-
Subdivisión cronológica 1936-1939, Guerra civil-
Subdivisión de forma Relatos personales rusos.
9 (RLIN) 155322
700 1# - ENTRADA AGREGADA--NOMBRE PERSONAL
Nombre de persona Fernández Bobrovski, Dimitri.
9 (RLIN) 49518
830 1# - PUNTO DE ACCESO ADICIONAL DE SERIE-TÍTULO UNIFORME
Título uniforme La Esfera historia
9 (RLIN) 183046
852 ## - LOCALIZACIÓN
Ubicación ES-MaACL
Número de control de estantería L-25866
Holdings
Estatus retirado Estado de pérdida Estado de daño No para préstamo Biblioteca de origen Biblioteca actual Ubicación en estantería Fecha de adquisición Fuente de adquisición Total de préstamos Signatura topográfica completa Código de barras Visto por última vez Precio de reemplazo Tipo de ítem Koha
        Biblioteca del Ateneo de Madrid Biblioteca del Ateneo de Madrid Depósito 2 17/01/2008     L-25866 1019883 23/02/2023 23/02/2023 Libro impreso